La familia educadora: madurez humana y vida familiar (Registro nro. 9988)
[ vista simple ]
| 000 -Cabecera | |
|---|---|
| Campo de control de longitud fija | 00663nam a22002417a 4500 |
| 005 - Fecha y hora de la última transacción | |
| Campo de control | 20231012092911.0 |
| 008 - Elementos de longitud fija--Información general | |
| Campo de control de longitud fija | 150304b1998 xxu||||| |||| 00| 0 spa d |
| 020 ## - International Standard Book Number | |
| Número Internacional Estándar del Libro (ISBN) | 9799977947791 |
| 041 ## - Idioma | |
| Código de idioma | Español |
| 082 ## - Clasificación Decimal Dewey | |
| Número de clasificación | 248.4 T157f |
| 100 ## - Entrada principal--Autor personal | |
| Nombre personal | Tamés García, María Adela |
| 9 (RLIN) | 28766 |
| 245 ## - Título propiamente dicho | |
| Título | La familia educadora: madurez humana y vida familiar |
| 260 ## - Pie de imprenta | |
| Lugar de publicación, distribución, etc. | Costa Rica |
| 260 ## - Pie de imprenta | |
| Nombre del editor, distribuidor, etc. | Promesa |
| 260 ## - Pie de imprenta | |
| Fecha de publicación, distribución, etc. | 1998 |
| 300 ## - Descripción física | |
| Extensión | 114 páginas |
| 650 ## - Materia general | |
| Temática (materia general) | FAMILIA |
| 650 ## - Materia general | |
| Temática (materia general) | EDUCACIÓN PARA LA VIDA FAMILIAR |
| 650 ## - Materia general | |
| Temática (materia general) | MATRIMONIO |
| 650 ## - Materia general | |
| Temática (materia general) | FILOSOFÍA DE LA EDUCACIÓN |
| 650 ## - Materia general | |
| Temática (materia general) | PSICOLOGÍA EDUCATIVA |
| 942 ## - Punto de acceso adicional KOHA | |
| Tipo de ítem KOHA | Literatura |
| Fuente del sistema de clasificación o colocación | Dewey Decimal Classification |
| Signatura completa | Código de barras | Tipo de ítem |
|---|---|---|
| 248.4 T157f | 6662 | Literatura |